Countries of the World by Tripoint Initials in 90 seconds: with a map - Statistics

General Stats
  • This quiz has been taken 732 times
  • The average score is 93 of 196
Answers on the Map
Answers color-coded by a green-red scale on the quiz's map according to % correct below.
 
Answer Stats
Country % Correct
Antigua and Barbuda
82%
Australia
82%
Bahamas
82%
Bahrain
82%
Barbados
82%
Brunei
82%
Canada
82%
Cape Verde
82%
Comoros
82%
Costa Rica
82%
Côte d'Ivoire
82%
Cuba
82%
Cyprus
82%
Denmark
82%
Dominica
82%
Dominican Republic
82%
East Timor
82%
Federated States of Micronesia
82%
Fiji
82%
Gambia
82%
Grenada
82%
Haiti
82%
Iceland
82%
Indonesia
82%
Ireland
82%
Jamaica
82%
Japan
82%
Kiribati
82%
Lesotho
82%
Madagascar
82%
Malaysia
82%
Maldives
82%
Malta
82%
Marshall Islands
82%
Mauritius
82%
Monaco
82%
Nauru
82%
New Zealand
82%
Nicaragua
82%
Palau
82%
Panama
82%
Papua New Guinea
82%
Philippines
82%
Portugal
82%
Qatar
82%
Saint Kitts and Nevis
82%
Saint Lucia
82%
Saint Vincent and the Grenadines
82%
Samoa
82%
San Marino
82%
São Tomé and Príncipe
82%
Seychelles
82%
Singapore
82%
Solomon Islands
82%
South Korea
82%
Sri Lanka
82%
Taiwan
82%
Tonga
82%
Trinidad and Tobago
82%
Tuvalu
82%
United Kingdom
82%
United States
82%
Vanuatu
82%
Vatican City
82%
China
79%
Russia
79%
Brazil
65%
France
61%
Bolivia
60%
Peru
58%
Argentina
52%
Germany
52%
India
52%
Colombia
51%
Mongolia
51%
Chile
50%
Kazakhstan
49%
Sudan
49%
Paraguay
48%
Bulgaria
47%
Greece
47%
Macedonia
46%
Switzerland
46%
Algeria
44%
Belize
43%
Finland
43%
Guatemala
43%
Libya
43%
Mexico
43%
Norway
43%
Iran
41%
Ukraine
41%
Andorra
40%
Spain
40%
Turkey
40%
Afghanistan
39%
Belarus
39%
Chad
39%
Kyrgyzstan
39%
Poland
39%
Sweden
39%
Zambia
39%
Central African Republic
37%
Ethiopia
37%
Mali
37%
Pakistan
37%
Saudi Arabia
37%
South Sudan
37%
Tanzania
37%
Venezuela
37%
Uruguay
36%
Democratic Republic of the Congo
35%
Mauritania
35%
Nepal
35%
Turkmenistan
35%
Uzbekistan
35%
Austria
34%
Cambodia
34%
Kenya
34%
Laos
34%
South Africa
34%
Burma
33%
Niger
33%
Botswana
32%
Iraq
32%
Guyana
31%
Italy
31%
Belgium
30%
Ecuador
30%
Morocco
30%
Mozambique
30%
Uganda
30%
Cameroon
29%
Oman
28%
Suriname
28%
Vietnam
28%
Czech Republic
27%
Egypt
27%
Tajikistan
27%
Zimbabwe
27%
Azerbaijan
26%
Namibia
26%
Netherlands
26%
Nigeria
26%
Yemen
26%
Angola
25%
Bangladesh
25%
Slovenia
25%
Romania
24%
Syria
24%
Thailand
24%
Eritrea
23%
Republic of the Congo
23%
Luxembourg
22%
Tunisia
22%
Bhutan
21%
Burkina Faso
21%
El Salvador
21%
Honduras
21%
Latvia
21%
Somalia
21%
Israel
20%
Moldova
20%
Malawi
19%
North Korea
19%
Senegal
19%
Slovakia
19%
Djibouti
18%
Serbia
18%
Estonia
17%
Jordan
17%
Lithuania
17%
Swaziland
17%
Ghana
16%
Hungary
16%
Benin
15%
Bosnia and Herzegovina
15%
Croatia
15%
Gabon
15%
Georgia
15%
Togo
15%
Armenia
14%
Equatorial Guinea
14%
Guinea
14%
Liechtenstein
14%
Rwanda
14%
Burundi
13%
Guinea-Bissau
12%
Kuwait
12%
Montenegro
12%
United Arab Emirates
11%
Albania
10%
Kosovo
10%
Lebanon
10%
Liberia
8%
Sierra Leone
8%
No matching quizzes found
Score Distribution
Percent of People with Each Score
Percentile by Number Answered
Your Score History
You have not taken this quiz